03037nam a22002657a 450000500170000000800410001702000180005804000070007604100120008308200210009510000430011624500320015926000400019130000320023136500600026352021200032365000190244365000190246265000260248165000320250770000300253994200120256999900190258195201710260020260202150413.0230727b ||||| |||| 00| 0 eng d a9789393852908 cAL aEnglish 223a823.08bCHAE aN Manu Chakravarthy and others9253565 aEssential U R Ananthamurthy aNew DelhibAleph Book Companyc2023 axiv,298 p.bHBc22x14.5 cm. aBLCR-000026b₹719.00c₹d₹899.00e20%f15-07-2023 aU. R. Ananthamurthy (1932–2014), writer, teacher, literary critic, and public intellectual, was born in Shivamogga district in Karnataka. In 1965, his debut novel, Samskara, took the literary world by storm with its unflinching portrayal of the rigid orthodoxy in Brahmin society. Since then, it has become a landmark novel of the modernist, or Navya, movement of the 1950s and 1960s in Kannada literature. In a career that spanned more than five decades, Ananthamurthy wrote five novels, several collections of short stories, poetry, and essays, a play, and an autobiography. He received the Jnanpith Award, India’s highest literary honour, in 1994, and was nominated for the Man Booker International Prize in 2013. The Essential U. R. Ananthamurthy is a five-part compendium of select fictional and non-fictional works, poetry, and autobiographical writings from one of India’s most illustrious and outspoken writers. The section ‘Novels’ portrays characters in conflict with tradition, idealism, and modernity in a rapidly changing independent India through excerpts from powerful novels such as Samskara, Bharathipura, Avasthe, and Bhava. ‘Poetry’ presents five evocative poems on the themes of power and politics. ‘Short Stories’ highlights the chief themes that preoccupied Ananthamurthy—the constraints of the traditional order, the cultural dominance of the West, the sinister workings of power, and the creativity of political dissent. ‘Essays and Speeches’ captures the range and depth of Ananthamurthy’s democratic imagination through his writings on cultural identity and literature, community and creativity, linguistic and nationalist politics, and on figures such as Mahatma Gandhi and Ram Manohar Lohia. And, the final section, ‘Memoirs’, gathers Ananthamurthy’s memories of family, friendships, work, and travel from the different phases of his life. The Essential U. R. Ananthamurthy offers a rich glimpse into the mind of one of modern India’s most profound writers and thinkers and demonstrates why Ananthamurthy’s works will endure for generations to come. aNovels9128753 aPoetry9128754 aShort Stories9128755 aEssays and Speeches9128756 aGowda, Chandan Ed9128758 2ddccBK c228180d228180 00102ddc40708ENGaALbALd2023-07-22eNavakarnataka Publications Pvt.Ltd.g719.00l1o823.08 CHAEp076604r2024-01-23 00:00:00s2023-12-06v899.00w2023-07-27yBK